000 00617nam a2200217Ia 4500
005 20241129115734.0
008 241129s9999||||xx |||||||||||||| ||und||
020 _a9789391952655
037 _aTB
040 _aSDCL
_beng
_cSDCL
041 _aeng
_2eng
084 _aV2.6G:71'C R4
_qSDCL
100 _aLama G. K.
_939495
245 0 _aSacred Ganga: A spiritual, archaeological and artistic vision
260 _aNew Delhi
_bPathak Publisher & Distributors
_c2024
300 _axxi,216p.
365 _aINR
_b4500
650 _aSanskrit
942 _cTB
_hV2.6G:71'C R4
999 _c1231798
_d1231798